| 000 | 00617cam a2200229 4500 | ||
|---|---|---|---|
| 008 | 090401t1997 xxu||||| |||| 00| 0 eng d | ||
| 020 | _a0074632876 | ||
| 035 | _a(Sirsi) u87659 | ||
| 041 | _aeng | ||
| 050 | _a333.3320954 | ||
| 100 | _aNain, Ashok | ||
| 245 | _aProfessional valuation practice. | ||
| 260 |
_aNew Delhi, India _bTata McGraw-Hill Publishing Co Ltd _c1997 |
||
| 300 | _axvi,394p. ; 25cm. | ||
| 350 | _a0 | ||
| 520 | _aIndian textbook on valuation. Text in English. | ||
| 650 | _aINDIA | ||
| 650 |
_aValuation _96273 |
||
| 690 | _aRATING AND VALUATION | ||
| 942 | _n0 | ||
| 948 | _c24/07/1998 | ||
| 999 |
_c97260 _d97260 |
||